| 000 | 00889cam a22002897a 4500 | ||
|---|---|---|---|
| 001 | 13016243 | ||
| 005 | 20180226044404.0 | ||
| 008 | 021129s2000 enkab b 001 0 eng d | ||
| 010 | _a 2002726945 | ||
| 015 | _aGBA0-Y0894 | ||
| 020 | _a1853836990 | ||
| 035 | _a(OCoLC)ocm43969026 | ||
| 040 |
_aUKM _cUKM _dC#P _dAGL _dWAU _dKUT _dDLC |
||
| 041 | _aeng | ||
| 042 | _apcc | ||
| 070 | 0 |
_aGE140 _b.R66 2000 |
|
| 072 | 0 | _aP000 | |
| 080 | _a333.95137 WOO | ||
| 082 | 0 | 4 |
_a333.95137 WOO _221 |
| 100 | _a11 | ||
| 101 | _aBIO | ||
| 245 | 0 | 4 |
_aThe root causes of biodiversity loss / _cedited by Alexander Wood, Pamela Stedman-Edwards, and Johanna Mang. |
| 504 | _aIncludes bibliographical references (p. [378]-389) and index. | ||
| 906 |
_a7 _bcbc _ccopycat _d2 _encip _f20 _gy-gencatlg |
||
| 942 |
_2ddc _cBK |
||
| 999 |
_c43430 _d43430 |
||